Ohodnotenie výkonnosti verejnej správy: teoretické východiská a skúsenosti z experimentu v Slovenskej republike

Byrokracia v ekonomickej teórii. Základné príčiny neefektívnosti verejnej správy. Nové prístupy k riadeniu verejnej správy. Súčasná prax finančného manažmentu a kontroly vo verejnom sektore v podmienkach strednej a východnej Európy verzus moderné prístupy. Hodnotenie výkonnosti verejnej správy. Expe...

Description complète

Enregistré dans:
Détails bibliographiques
Auteur principal: Nemec, Juraj
Autres auteurs: Medveď, Jozef, Šumpíková, Markéta
Format: Chapitre de livre
Langue:slovaque
Sujets:
Tags: Ajouter un tag
Pas de tags, Soyez le premier à ajouter un tag!

MARC

LEADER 00000naa$a2200000$$$4500
001 0026433
005 20231019130504.1
041 0 |a slo 
044 |a CZ 
245 1 0 |a Ohodnotenie výkonnosti verejnej správy: teoretické východiská a skúsenosti z experimentu v Slovenskej republike  |c Juraj Nemec, Jozef Medveď, Markéta Šumpíková 
520 |a Byrokracia v ekonomickej teórii. Základné príčiny neefektívnosti verejnej správy. Nové prístupy k riadeniu verejnej správy. Súčasná prax finančného manažmentu a kontroly vo verejnom sektore v podmienkach strednej a východnej Európy verzus moderné prístupy. Hodnotenie výkonnosti verejnej správy. Experiment hodnotenia výkonnosti verejnej správy na Slovensku. 
610 2 0 |a správa verejná 
610 2 0 |a výkonnosť 
610 2 0 |a efektívnosť 
610 2 0 |a byrokracia 
610 2 0 |a reformy 
610 2 0 |a kontrola 
610 2 0 |a sektor verejný 
610 2 0 |a Slovensko 
100 1 |a Nemec, Juraj 
700 1 |a Medveď, Jozef 
700 1 |a Šumpíková, Markéta